| 000 | 014000000a22002290004500 | ||
|---|---|---|---|
| 020 | _a958-655-655-7 | ||
| 082 | 0 | 4 | _aG 001.4 W849m |
| 100 | 1 | _aWolcott, Harry F., ( 1929-) | |
| 245 | 1 | 0 | _aMejorar la escritura de la investigación cualitativa / Harry F. Wolcott ; traducción Eva Zimmerman |
| 260 | _aMedellín, Colombia : Editorial Universidad de Antioquía, Facultad de Enfermería de la Universidad de Antioquía, 2003 | ||
| 300 | _aXIV, 226 p.; 24 cm | ||
| 440 | 0 | _aCol. Contus | |
| 504 | _aIncluye referencias bibliográficas (p. [203]-211) e índices | ||
| 505 | 0 | 0 | _aEscribir versus saber-estar-escribiendo -- Cómo, cuándo y donde empezar -- El análisis y la interpretación -- Problemas en la escogencia y la interpretación de los datos -- El sistema del archivo colgante extendido -- Llevar un registro de referencias -- Revisión de literatura -- Vinculación con la teoría -- Técnicas de investigación en la indagación cualitativa -- El método o la teoría como narrativa -- revisión del contenido y el estilo -- Las páginas preliminares -- El cuerpo del texto -- Las páginas finales -- Lograr que te publiquen... |
| 650 | 1 | 4 | _aARTE DE ESCRIBIR \ ESCRITURA \ METODOS DE INVESTIGACION |
| 700 | 1 | _aZimmerman, Eva | |
| 001 | 17978 | ||
| 942 | _cBK | ||
| 999 |
_c44471 _d44471 |
||
| 336 |
_atexto _btxt _2rdacontent |
||
| 337 |
_2rdamedia _asin mediación _bn |
||
| 338 |
_2rdacarrier _avolumen _bnc |
||